El lenguaje poético de Federico Garcia Lorca / (Record no. 105730)

MARC details
000 -LEADER
campo de control de longitud fija 00901nam a22002531 4500
001 - NÚMERO DE CONTROL
campo de control 105730
003 - IDENTIFICADOR DE NÚMERO DE CONTROL
campo de control ES-MaACL
005 - FECHA Y HORA DE LA ÚLTIMA TRANSACCIÓN
campo de control 20230906183948.0
007 - CAMPO FIJO DE DESCRIPCIÓN FÍSICA--INFORMACIÓN GENERAL
campo de control de longitud fija t|
008 - DATOS DE LONGITUD FIJA--INFORMACIÓN GENERAL
campo de control de longitud fija 060811s1955 sp ||||0| spa d
040 ## - FUENTE DE CATALOGACIÓN
Centro catalogador/agencia de origen M-BN
Lengua de catalogación spa
Centro/agencia transcriptor A2
080 ## - NÚMERO DE LA CLASIFICACIÓN DECIMAL UNIVERSAL
Número de la Clasificación Decimal Universal 821.134.2 García Lorca, Federico 1.06
100 1# - ENTRADA PRINCIPAL--NOMBRE DE PERSONA
Nombre de persona Flys, Miguel J.
9 (RLIN) 51377
245 13 - MENCIÓN DEL TÍTULO
Título El lenguaje poético de Federico Garcia Lorca /
Mención de responsabilidad, etc. Jaroslaw M. Flys.
260 ## - PUBLICACIÓN, DISTRIBUCIÓN, ETC.
Lugar de publicación, distribución, etc. Madrid :
Nombre del editor, distribuidor, etc. Gredos,
Fecha de publicación, distribución, etc. [1955]
300 ## - DESCRIPCIÓN FÍSICA
Extensión 243 p. ;
Dimensiones 21 cm.
490 1# - MENCIÓN DE SERIE
Mención de serie Biblioteca románica hispánica. II. Estudios y ensayos ;
Designación de volumen o secuencia 23
500 ## - NOTA GENERAL
Nota general Biblioteca Juan Andrade.
600 14 - PUNTO DE ACCESO ADICIONAL DE MATERIA--NOMBRE DE PERSONA
Nombre de persona García Lorca, Federico,
Fechas asociadas al nombre 1898-1936-
Subdivisión general Crítica e interpretación
9 (RLIN) 54857
830 0# - PUNTO DE ACCESO ADICIONAL DE SERIE-TÍTULO UNIFORME
Título uniforme Biblioteca románica hispánica. II. Estudios y ensayos ;
Designación de volumen o secuencia 23
9 (RLIN) 178108
852 ## - LOCALIZACIÓN
Ubicación ES-MaACL
Número de control de estantería AND-547
Sublocalización o colección R.109846
852 ## - LOCALIZACIÓN
Ubicación ES-MaACL
Número de control de estantería C-9987
Sublocalización o colección R.38205
Holdings
Estatus retirado Estado de pérdida Estado de daño No para préstamo Biblioteca de origen Biblioteca actual Ubicación en estantería Fecha de adquisición Fuente de adquisición Total de préstamos Signatura topográfica completa Código de barras Visto por última vez Precio de reemplazo Tipo de ítem Koha
        Biblioteca del Ateneo de Madrid Biblioteca del Ateneo de Madrid Sala Palomar 17/01/2008     C-9987 1110387 23/02/2023 23/02/2023 Libro impreso
        Biblioteca del Ateneo de Madrid Biblioteca del Ateneo de Madrid Depósito 2 17/01/2008     AND-547 1110386 23/02/2023 23/02/2023 Libro impreso